LDR 00920naa#a2200205#i#450# 001 EN\\bibl\122352 005 20260501182856.5 011 ## _a2307-7476 100 ## _a20260410b2026####ek#y0engy0150####ca 102 ## _aRU 200 1# _aSOFTWARE MODULE FOR SIMULATION MODELING OF COMPUTER VIRUS PROPAGATION IN THE EMERCOM OF RUSSIA ALERT NETWORK BASED ON THE EPIDEMIOLOGICAL PSIDR MODEL _eJournal article 210 1# _aSaint-Petersburg _cSaint-Petersburg University of State Fire Service of Emercom of Russia _d2026 215 ## _a13 с. 608 ## _aJournal article _2local 675 ## _aБезопасность, защищённость данных. 004.056 _aЦифровое имитирование и моделирование систем. 519.876.5 _z 700 #1 _aArvanova _gSaniyat M. 700 #1 _aBarkhatov _gKonstantin S . 700 #1 _aGergov _gIdar Habasovich 700 #1 _aKurdanov _gHalid Soltanovich 856 4# _ajournals.igps.ru _u